|
|
|
|
| LEADER |
01133naa a2200241 i 4500 |
| 001 |
acta77222 |
| 005 |
20221122150137.0 |
| 008 |
221122s2009 hu o 1|| eng d |
| 020 |
|
|
|a 978-963-88468-3-9
|
| 040 |
|
|
|a SZTE Egyetemi Kiadványok Repozitórium
|b hun
|
| 041 |
|
|
|a eng
|
| 100 |
1 |
|
|a Günsoy Güler
|
| 245 |
1 |
0 |
|a Economic crises and strategies to struggle with crises
|h [elektronikus dokumentum] :
|b a study on Turkey : [absztrakt] /
|c Günsoy Güler
|
| 260 |
|
|
|a Universitas Szeged Press
|b Szeged
|c 2009
|
| 300 |
|
|
|a 203
|
| 490 |
0 |
|
|a Challenges for Analysis of the Economy, the Businesses, and Social Progress : abstract book
|
| 650 |
|
4 |
|a Társadalomtudományok
|
| 650 |
|
4 |
|a Közgazdasági és gazdálkodástudományok
|
| 650 |
|
4 |
|a Politikatudomány
|
| 695 |
|
|
|a Gazdaságpolitika - Törökország - előadáskivonat
|
| 700 |
0 |
1 |
|a Günsoy Bülent
|e aut
|
| 711 |
|
|
|a Challenges for Analysis of the Economy, the Businesses, and Social Progress International Scientific Conference
|c Szeged
|d 2009. november 19-21.
|
| 856 |
4 |
0 |
|u http://acta.bibl.u-szeged.hu/77222/1/challenges_for_analysis_of_the_economy_203.pdf
|z Dokumentum-elérés
|